There's A City Where? - US Presidents - Statistics

General Stats
  • This quiz has been taken 12 times
  • The average score is 11 of 31
Answer Stats
Hint Answer % Correct
Jackson Alabama | California | Kentucky | Louisiana | Michigan | Minnesota | Mississippi | Missouri | Nebraska | New Hampshire | North Carolina | Ohio | South Carolina | Tennessee | Wisconsin | Wyoming
100%
Cleveland Alabama | Georgia | Illinois | Mississippi | Missouri | New York | North Carolina | North Dakota | Ohio | Oklahoma | Tennessee | Texas | Utah | Virginia | Wisconsin
100%
Washington Arkansas | Connecticut | District of Columbia | Georgia | Illinois | Indiana | Iowa | Kansas | Louisiana | Maine | Massachusetts | Missouri | Nebraska | New Hampshire | New Jersey | North Carolina | Oklahoma | Pennsylvania | Utah | Vermont | Virginia
100%
Madison Alabama | Connecticut | Florida | Georgia | Illinois | Indiana | Maine | Mississippi | New Hampshire | New Jersey | New York | North Carolina | Ohio | Virginia | West Virginia | Wisconsin
91%
Lincoln Alabama | California | Illinois | Maine | Massachusetts | Michigan | Missouri | Nebraska | New Hampshire | North Dakota | Pennsylvania | Rhode Island | Vermont
82%
Monroe Connecticut | Georgia | Indiana | Iowa | Louisiana | Maine | Michigan | New Hampshire | New York | North Carolina | Ohio | Oregon | Washington | Wisconsin
73%
Clinton Connecticut | Illinois | Indiana | Iowa | Maine | Massachusetts | Michigan | Minnesota | Mississippi | Missouri | New Jersey | New York | North Carolina | Ohio | South Carolina | Tennessee | Utah | Wisconsin
64%
Tyler Minnesota | Texas
64%
Van Buren Arkansas | Maine | Missouri | Ohio
55%
Taylor Alabama | Arizona | Michigan | Nebraska | Pennsylvania | Texas
36%
Harrison Arkansas | Idaho | Maine | Michigan | Nebraska | New Jersey | New York | Ohio | Wisconsin
36%
Wilson Arkansas | Louisiana | New York | North Carolina | Ohio | Wisconsin
36%
Jefferson Georgia | New Hampshire | North Carolina | Ohio | South Carolina | Texas | Wisconsin
36%
Adams Massachusetts | Minnesota | Nebraska | New York | Oregon | Tennessee | Wisconsin
36%
Garfield Arkansas | Georgia | Kansas | Minnesota | New Jersey | Washington
27%
Roosevelt Minnesota | New Jersey | Utah
27%
Polk Nebraska | Ohio | Pennsylvania
27%
Hoover Alabama
18%
Coolidge Arizona | Georgia | Kansas | Texas
18%
Fillmore California | Illinois | Indiana | Missouri | Utah
18%
Taft California | Oklahoma | Texas
18%
Buchanan Georgia | Michigan | New York | Virginia
18%
Arthur Illinois | Iowa | Nebraska | North Dakota
18%
Nixon Texas
18%
Grant Alabama | Michigan | Minnesota | Nebraska
9%
Johnson Arkansas | Minnesota | Vermont
9%
Carter Oklahoma
9%
Kennedy Alabama | Minnesota
0%
Pierce Colorado | Idaho | Nebraska
0%
Harding Minnesota
0%
Truman Minnesota
0%
No matching quizzes found
Score Distribution
Percent of People with Each Score
Percentile by Number Answered
Your Score History
You have not taken this quiz